000 00465nam a2200169Ia 4500
003 GCL
005 20240530102436.0
008 140319s9999 xx 000 0 ara d
040 _aGCL /
_cGCL
082 0 4 _a410
_bا م
100 0 _aابراهيم انيس
245 1 0 _aمن اسرار اللغة /
_cابراهيم انيس
250 _aط. 7
260 _a[S.N] :
_bمكتبة الانجلوالمصرية ،
_c1994
300 _a356 ص
942 _2ddc
_cBK
999 _c32254
_d32254